La gloria de don Ramiro: una vida en tiempos de Felipe II
Saved in:
| Hovedforfatter: | |
|---|---|
| Format: | Bog |
| Sprog: | spansk |
| Udgivet: |
Madrid
Espasa-Calpe
1964
|
| Udgivelse: | 11a. ed |
| Serier: | Colección Austral, 74
|
| Fag: | |
| Tags: |
Tilføj Tag
Ingen Tags, Vær først til at tagge denne postø!
|
MARC
| LEADER | 00000nam a2200000 a 4500 | ||
|---|---|---|---|
| 001 | UCT6592 | ||
| 003 | CL-VaPUC | ||
| 008 | 970113e19640000SP |||||||||||||||||spa|d | ||
| 082 | 0 | 4 | |a Ar863 |b LAR |2 21 |
| 100 | 0 | |a Larraeta, Enrique |e author |9 376854 | |
| 245 | 1 | 3 | |a La gloria de don Ramiro: una vida en tiempos de Felipe II |
| 250 | |a 11a. ed | ||
| 300 | |a 258 p | ||
| 942 | |c BK | ||
| 945 | |d 19970113 00:00:00 |a rleighto | ||
| 260 | |a Madrid |b Espasa-Calpe |c 1964 | ||
| 650 | 0 | |a Novelas argentinas |9 267871 | |
| 583 | |a last modification |c 19970113 00:00:00 |k Rodrigo Vera | ||
| 490 | 0 | |a Colección Austral, 74 | |
| 999 | |c 255280 |d 255278 | ||
| 952 | |0 0 |1 0 |4 0 |6 AR_863_000000000000000_LAR_1964 |7 0 |8 A |9 277463 |a BIBEDU |b BIBEDU |d 2019-11-19 |i 3266974 |o Ar863 LAR 1964 |p 3266974 |r 2019-11-19 |w 2019-11-19 |y BK |k LIT | ||